|
|
|
|
| LEADER |
03249nam a2200841 a 4500 |
| 001 |
nkc20091968082 |
| 003 |
CZ PrNK |
| 005 |
20090929181147.0 |
| 007 |
ta |
| 008 |
090728s2009 xr e 000 0 cze |
| 015 |
|
|
|a cnb001968082
|
| 020 |
|
|
|a 978-80-85202-36-6
|q (váz.)
|
| 035 |
|
|
|a (OCoLC)455847453
|
| 040 |
|
|
|a ABA001
|b cze
|
| 041 |
1 |
|
|a cze
|h eng
|
| 043 |
|
|
|a a-cc-ti
|
| 072 |
|
7 |
|a 22/24
|x Náboženství Dálného východu. Indická náboženství. Hinduismus. Buddhismus
|2 Konspekt
|9 5
|
| 080 |
|
|
|a 233-852.5Y
|2 MRF
|
| 080 |
|
|
|a 2-587
|2 MRF
|
| 080 |
|
|
|a 243.4
|2 MRF
|
| 080 |
|
|
|a 2-584.5
|2 MRF
|
| 080 |
|
|
|a 2-584.7
|2 MRF
|
| 080 |
|
|
|a 159.923.5
|2 MRF
|
| 080 |
|
|
|a 159.9.016.1
|2 MRF
|
| 080 |
|
|
|a 2-664.3
|2 MRF
|
| 080 |
|
|
|a 2-29
|2 MRF
|
| 080 |
|
|
|a (515)
|2 MRF
|
| 080 |
|
|
|a (0:82-9)
|2 MRF
|
| 080 |
|
|
|a (0.072)
|2 MRF
|
| 100 |
1 |
|
|a Minařík, Květoslav,
|d 1908-1974
|7 jn19990209552
|4 aut
|
| 245 |
1 |
0 |
|a Tajemství Tibetu.
|n I,
|p Sedm tibetských textů : psychologická, mravní a mystická studie s použitím knihy Tibetská jóga a tajná učení od W.Y. Evans-Wentze /
|c Květoslav Minařík
|
| 246 |
3 |
0 |
|a Tibetská jóga a tajná učení
|
| 246 |
3 |
0 |
|a Sedm tibetských textů
|
| 246 |
1 |
4 |
|a Tajemství Tibetu 1
|
| 250 |
|
|
|a 2. vyd.
|
| 260 |
|
|
|a Praha :
|b Canopus,
|c 2009
|
| 300 |
|
|
|a 485 s. ;
|c 22 cm
|
| 490 |
1 |
|
|a Přímá stezka ;
|v sv. 10
|
| 500 |
|
|
|a Část. přeloženo z angličtiny
|
| 500 |
|
|
|a Tibetské texty z knihy W.Y. Evans-Wentze Tibetan yoga and secret doctrines přeložil Stanislav Kulovaný
|
| 500 |
|
|
|a Terminologický slovník
|
| 650 |
0 |
7 |
|a jóga
|7 ph114850
|2 czenas
|
| 650 |
0 |
7 |
|a mystika
|7 ph123078
|z Tibet (Čína)
|2 czenas
|
| 650 |
0 |
7 |
|a tibetský buddhismus
|7 ph116452
|2 czenas
|
| 650 |
0 |
7 |
|a duchovní cesta
|7 ph119626
|2 czenas
|
| 650 |
0 |
7 |
|a duchovní cvičení
|7 ph114371
|2 czenas
|
| 650 |
0 |
7 |
|a sebezdokonalování
|7 ph116118
|2 czenas
|
| 650 |
0 |
7 |
|a mysl a tělo
|7 ph135558
|2 czenas
|
| 650 |
0 |
7 |
|a universalismus (náboženství)
|7 ph116539
|2 czenas
|
| 650 |
0 |
7 |
|a duchovní literatura
|7 ph114373
|z Tibet (Čína)
|2 czenas
|
| 650 |
0 |
9 |
|a yoga
|2 eczenas
|
| 650 |
0 |
9 |
|a mysticism
|z Tibet (China)
|2 eczenas
|
| 650 |
0 |
9 |
|a Tibetan Buddhism
|2 eczenas
|
| 650 |
0 |
9 |
|a spiritual path
|2 eczenas
|
| 650 |
0 |
9 |
|a spiritual exercises
|2 eczenas
|
| 650 |
0 |
9 |
|a self-actualization
|2 eczenas
|
| 650 |
0 |
9 |
|a mind and body
|2 eczenas
|
| 650 |
0 |
9 |
|a universalism (religion)
|2 eczenas
|
| 650 |
0 |
9 |
|a spiritual literature
|z Tibet (China)
|2 eczenas
|
| 655 |
|
7 |
|a texty
|7 fd133699
|2 czenas
|
| 655 |
|
7 |
|a komentovaná vydání
|7 fd132577
|2 czenas
|
| 655 |
|
9 |
|a texts
|2 eczenas
|
| 655 |
|
9 |
|a annotated editions
|2 eczenas
|
| 700 |
1 |
|
|a Kulovaný, Stanislav
|7 jx20090728016
|4 trl
|
| 700 |
1 |
|
|a Evans-Wentz, W. Y.
|q (Walter Yeeling),
|d 1878-1965
|7 kup20010000025826
|4 aut
|
| 765 |
0 |
|
|t Tibetan yoga and secret doctrines
|9 Česky
|
| 830 |
|
0 |
|a Přímá stezka (Canopus)
|0 s
|
| 856 |
4 |
1 |
|u https://www.digitalniknihovna.cz/mzk/uuid/uuid:6f26a720-f162-11e3-b72e-005056827e52
|y Digitalizovaný dokument
|x NDK
|
| 910 |
2 |
|
|a BOA001
|b 2-1227.527,1
|
| 990 |
|
|
|a BK
|
| 995 |
|
|
|a 01
|
| 991 |
|
|
|b 200908
|c NOV
|j 22/24 MIN
|
| 996 |
6 |
|
|b 2610384822
|c 2-1227.527,1
|l MZK
|r Sklad / do 1 hodiny
|n 2
|p p.v.
|w 001092372
|u 000010
|a 1
|e BOA001
|j MZK50
|s P
|